[Event "Igor Kurnosov Mem Rapid"]
[Site "Chelyabinsk RUS"]
[Date "2016.05.26"]
[Round "3.7"]
[White "Riazantsev, Alexander"]
[Black "Bulavin, Alexander"]
[Result "1-0"]
[WhiteTitle "GM"]
[BlackTitle "FM"]
[WhiteElo "2646"]
[BlackElo "2267"]
[WhiteFideId "4125029"]
[BlackFideId "4178033"]
[EventDate "2016.05.26"]

1. d4 Nf6 2. c4 d6 3. Nf3 Bg4 4. e3 Nbd7 5. h3 Bxf3 6. Qxf3 c6 7. Nc3 g6 8. Qd1
Bg7 9. Be2 O-O 10. O-O a6 11. b4 d5 12. a4 dxc4 13. Bxc4 e5 14. a5 exd4 15. exd4
b6 16. Be3 Qe7 17. Qb3 Rfb8 18. Rfe1 Qf8 19. Qa2 Qxb4 20. Bxf7+ Kh8 21. Rec1 b5
22. Ne2 Rc8 23. Nf4 Qd6 24. Ne6 Nd5 25. Ng5 Bf6 26. Ne4 Qe7 27. Bxd5 cxd5 28.
Qxd5 Bh4 29. Nd6 Rf8 30. Rc7 Nf6 31. Qxa8 1-0

[Event "Igor Kurnosov Mem Rapid"]
[Site "Chelyabinsk RUS"]
[Date "2016.05.26"]
[Round "3.8"]
[White "Looshnikov, Nikolai"]
[Black "Lysyj, Igor"]
[Result "1/2-1/2"]
[WhiteTitle "IM"]
[BlackTitle "GM"]
[WhiteElo "2463"]
[BlackElo "2668"]
[WhiteFideId "4150104"]
[BlackFideId "4150120"]
[EventDate "2016.05.26"]

1. e4 e6 2. d4 d5 3. Nc3 Nf6 4. Bg5 dxe4 5. Nxe4 Be7 6. Bxf6 Bxf6 7. Nf3 O-O 8.
Bc4 Nd7 9. O-O Be7 10. Qe2 a6 11. Rad1 b5 12. Bb3 Bb7 13. d5 exd5 14. Bxd5 Bxd5
15. Rxd5 c6 16. Rd3 Qc7 17. Rfd1 Nf6 18. Nxf6+ Bxf6 19. c3 Rfe8 20. Re3 Rxe3 21.
Qxe3 g6 22. g3 Rd8 23. Rxd8+ Qxd8 24. Qe4 Qd6 25. h4 h6 26. Kg2 Kg7 27. Nd4 c5
28. Qc6 Be7 29. Qxd6 Bxd6 30. Nc2 c4 31. Kf3 f5 32. Ne3 Kf6 33. a4 Ke5 34. axb5
axb5 35. Ng2 Bc5 36. Ke2 g5 37. hxg5 hxg5 38. f4+ gxf4 39. Nxf4 Ke4 40. Ne6 Bd6
41. Ng5+ Kd5 42. Kf3 Be5 43. g4 fxg4+ 44. Kxg4 Bg7 45. Kf3 Bh6 46. Nh3 Bc1 47.
Nf4+ Kc5 48. Ne6+ Kb6 49. Ke2 Bxb2 50. Kd2 Ba3 51. Kc2 Bd6 52. Nd4 Be5 53. Nf3
Bg7 54. Nh4 Kc5 55. Nf5 Be5 56. Ne3 Bf4 57. Ng2 Bg5 58. Ne1 Kd5 59. Nf3 Be3 60.
Kd1 Ke4 61. Ke2 Bf4 62. Ne1 Be5 63. Nc2 Kd5 64. Kd2 Bf4+ 65. Ke2 Bd6 66. Ne3+
Ke4 67. Nc2 Bc5 68. Ne1 Kd5 69. Nc2 Kc6 70. Kd2 Kb6 71. Kc1 Ka5 72. Ne1 Ka4 73.
Kb2 Bb6 74. Ng2 Bd8 75. Nf4 Bf6 76. Nd5 Be5 77. Nb4 Bd6 78. Nc6 Bc5 79. Kc2 Ka3
80. Ne5 Bf8 81. Nc6 Bg7 82. Na7 Ka4 83. Nc6 Bf8 84. Kb2 Bd6 85. Kc2 Ba3 86. Kd2
Bc5 87. Kc2 Ka3 88. Na5 Bf8 89. Nc6 Bg7 90. Na7 Ka4 1/2-1/2

[Event "Igor Kurnosov Mem Rapid"]
[Site "Chelyabinsk RUS"]
[Date "2016.05.26"]
[Round "3.9"]
[White "Bocharov, Dmitry"]
[Black "Drygalov, Andrey"]
[Result "0-1"]
[WhiteTitle "GM"]
[WhiteElo "2597"]
[BlackElo "2339"]
[WhiteFideId "4138716"]
[BlackFideId "24171735"]
[EventDate "2016.05.26"]

1. c4 e5 2. g3 Nf6 3. Bg2 d5 4. cxd5 Nxd5 5. Nc3 Nb6 6. Nf3 Nc6 7. O-O Be7 8. d3
O-O 9. a3 Re8 10. b4 Bf8 11. Bb2 Bg4 12. h3 Bh5 13. Rc1 a5 14. b5 Nd4 15. g4 Bg6
16. Nd2 Rb8 17. e3 Ne6 18. Nde4 c6 19. bxc6 bxc6 20. Qe2 Qd7 21. Rfd1 c5 22. Ng3
f6 23. Nce4 Rec8 24. h4 Nd5 25. h5 Bf7 26. h6 g6 27. g5 Nxg5 28. Nxg5 fxg5 29.
Bxe5 Rb6 30. Ne4 Bxh6 31. Nxc5 Qe7 32. d4 Bg7 33. Qg4 Rbc6 34. Bxg7 Kxg7 35. Qg3
h5 36. Bxd5 Bxd5 37. Rb1 R8c7 38. Rb5 g4 39. e4 Bf7 40. Qe3 Kh7 41. Rc1 Qh4 42.
Rc3 Re7 43. Qg3 Qg5 44. a4 Qd2 45. Qe3 Qd1+ 46. Kh2 Rf6 47. Rd3 Qf1 48. Qg3
Rxf2+ 0-1

[Event "Igor Kurnosov Mem Rapid"]
[Site "Chelyabinsk RUS"]
[Date "2016.05.26"]
[Round "3.10"]
[White "Morozov, Dmitry"]
[Black "Zvjaginsev, Vadim"]
[Result "0-1"]
[WhiteTitle "FM"]
[BlackTitle "GM"]
[WhiteElo "2310"]
[BlackElo "2672"]
[WhiteFideId "4135296"]
[BlackFideId "4113403"]
[EventDate "2016.05.26"]

1. e4 c5 2. Nf3 g6 3. d4 Bg7 4. Nc3 cxd4 5. Nxd4 Nc6 6. Be3 Nf6 7. Bc4 O-O 8.
Bb3 Re8 9. f3 e6 10. Qd2 d5 11. exd5 Nxd5 12. Nxd5 Nxd4 13. Bxd4 exd5+ 14. Kd1
Bxd4 15. Qxd4 Qg5 16. g4 Bd7 17. h4 Qe7 18. Kc1 Bc6 19. c3 Qe3+ 20. Qxe3 Rxe3
21. Bd1 d4 22. cxd4 Rd3 23. a4 Rc8 24. Kb1 Bxf3 25. Bxf3 Rxf3 26. Ra3 Rxa3 27.
bxa3 Rc4 28. Rd1 Rxa4 29. Kb2 Kf8 30. Kb3 b5 31. g5 a6 32. Rd2 a5 33. Rd1 Rc4
34. Kb2 Ke7 35. Re1+ Kd6 36. Re4 a4 37. Rf4 Ke7 38. Re4+ Kf8 39. Rf4 Kg7 40. Kb1
b4 41. axb4 Rxb4+ 42. Ka2 h6 43. Ka3 Rc4 44. Ka2 hxg5 45. hxg5 Rc3 46. Rg4 Rd3
47. Kb2 a3+ 48. Ka2 Kf8 49. Re4 Kg7 50. Rg4 Re3 51. Rg2 Rd3 52. Rg4 Kg8 53. Re4
Kf8 54. Ka1 Rd2 55. Rg4 Ke7 56. Re4+ Kd6 57. Rf4 Ke6 58. Rf6+ Ke7 59. Rf4 Rg2
60. Re4+ Kd6 61. Rf4 Ke6 62. Rf6+ Ke7 63. Ra6 Rxg5 64. Rxa3 Rb5 65. Ra6 g5 66.
Ra8 g4 67. Ka2 f5 68. Rg8 Kf7 69. Rg5 Kf6 70. Rg8 Rd5 0-1

[Event "Igor Kurnosov Mem Rapid"]
[Site "Chelyabinsk RUS"]
[Date "2016.05.26"]
[Round "4.1"]
[White "Rublevsky, Sergei"]
[Black "Maletin, Pavel"]
[Result "1/2-1/2"]
[WhiteTitle "GM"]
[BlackTitle "GM"]
[WhiteElo "2692"]
[BlackElo "2580"]
[WhiteFideId "4115309"]
[BlackFideId "4146786"]
[EventDate "2016.05.26"]

1. e4 c5 2. Nf3 d6 3. d4 cxd4 4. Nxd4 Nf6 5. Nc3 a6 6. Be2 e6 7. f4 Be7 8. O-O
O-O 9. a4 b6 10. e5 dxe5 11. fxe5 Bc5 12. Be3 Nfd7 13. Bf3 Ra7 14. Bf4 Bb7 15.
Bxb7 Rxb7 16. Ne4 Qc7 17. Nd6 Nc6 18. c3 Rbb8 19. b4 Nxd4 20. cxd4 Bxb4 21. Qg4
Bxd6 22. exd6 Qc2 23. Rac1 Qe4 24. Qd1 Rbd8 25. Rc7 Nf6 26. Be5 Qe3+ 27. Kh1 Ne4
28. h3 Ng3+ 29. Bxg3 Qxg3 30. Rc6 b5 31. Rf3 Qg5 32. Rxa6 bxa4 33. Qxa4 Qd5 34.
Qb4 h6 35. Qc5 Rd7 36. Qxd5 exd5 37. Rf5 Rfd8 38. Rxd5 f6 39. Kg1 Kf7 40. Kf2
Ke6 41. Rc5 Rxd6 42. Rxd6+ Rxd6 43. Ke3 1/2-1/2

[Event "Igor Kurnosov Mem Rapid"]
[Site "Chelyabinsk RUS"]
[Date "2016.05.26"]
[Round "4.2"]
[White "Shomoev, Anton"]
[Black "Inarkiev, Ernesto"]
[Result "1/2-1/2"]
[WhiteTitle "GM"]
[BlackTitle "GM"]
[WhiteElo "2553"]
[BlackElo "2686"]
[WhiteFideId "4135148"]
[BlackFideId "4162722"]
[EventDate "2016.05.26"]

1. e4 e5 2. Nf3 Nc6 3. Bb5 a6 4. Ba4 Nf6 5. O-O Be7 6. d3 b5 7. Bb3 d6 8. a3 Be6
9. Nc3 O-O 10. Nd5 Na5 11. Nxf6+ Bxf6 12. Bxe6 fxe6 13. b4 Nc6 14. Be3 Nd4 15.
Nd2 Nc6 16. c3 a5 17. Nb3 Qd7 18. g3 Rfb8 19. Kg2 Ra6 20. h4 h6 21. h5 Qe8 22.
Qg4 Kh8 23. Rfb1 Qf7 24. Nd2 Qe8 25. Nf3 d5 26. Bc5 Rba8 27. c4 dxc4 28. dxc4
axb4 29. cxb5 Rxa3 30. Rxa3 bxa3 31. Bxa3 Rxa3 32. bxc6 Ra8 33. Rc1 Ra6 34. Qg6
Qxg6 35. hxg6 Kg8 36. Nh2 Kf8 37. Ng4 h5 38. Nxf6 gxf6 39. Rd1 Kg7 40. Rd7+ Kxg6
41. Rxc7 Ra4 42. Rc8 Rc4 43. Kh3 Rc1 44. Kg2 f5 45. c7 Kg7 46. Re8 Rxc7 47. Rxe6
fxe4 48. Rxe5 Kg6 49. Rxe4 Rf7 50. Re6+ Kh7 51. Ra6 Kg7 52. Ra4 Kg6 53. Ra6+ Kg7
54. Ra2 Kg6 55. Kh3 Rf3 56. Kh4 Kh6 57. Rb2 Kg6 58. Kh3 Kh6 59. Kg2 Rf6 60. Rb4
Rg6 61. Kh3 Rf6 62. f4 Rg6 63. Rb8 Kh7 64. Ra8 Rg4 65. Ra1 Rg7 66. Ra5 Kh6 67.
Rb5 Rg6 68. Rb1 Rg7 69. Rh1 Ra7 70. Rf1 Rg7 71. Rf2 Rg8 72. f5 Rf8 73. Kh4 Rf6
74. Rf3 Rf7 75. f6 Kg6 76. Rf4 Kh6 77. Rf5 Kg6 78. Rf1 Kh6 79. Rf5 Kg6 80. Rxh5
Rxf6 81. Rg5+ 1/2-1/2

[Event "Igor Kurnosov Mem Rapid"]
[Site "Chelyabinsk RUS"]
[Date "2016.05.26"]
[Round "4.3"]
[White "Gunina, Valentina"]
[Black "Movsesian, Sergei"]
[Result "0-1"]
[WhiteTitle "GM"]
[BlackTitle "GM"]
[WhiteElo "2497"]
[BlackElo "2660"]
[WhiteFideId "4167570"]
[BlackFideId "310204"]
[EventDate "2016.05.26"]

1. d4 d6 2. c4 e5 3. Nc3 Nd7 4. Nf3 Ngf6 5. g3 g6 6. Bg2 Bg7 7. O-O O-O 8. dxe5
dxe5 9. Bg5 h6 10. Be3 Ng4 11. Bd2 f5 12. e4 Kh7 13. Qc2 Nc5 14. h3 Nf6 15. Rad1
Qe8 16. exf5 Bxf5 17. Qc1 Nd3 18. Qa1 e4 19. Nd4 Rd8 20. Be3 Qf7 21. g4 Bc8 22.
Nxe4 Ne5 23. Qc1 Nxe4 24. Bxe4 Nxc4 25. b3 Nxe3 26. fxe3 Bf6 27. Qc2 Kg7 28. Ne2
Rxd1 29. Qxd1 Qe7 30. Qc2 Re8 31. Bd3 Qxe3+ 32. Kg2 Bd7 33. Ng1 Bc6+ 34. Nf3 Rd8
35. g5 hxg5 0-1

[Event "Igor Kurnosov Mem Rapid"]
[Site "Chelyabinsk RUS"]
[Date "2016.05.26"]
[Round "4.4"]
[White "Khismatullin, Denis"]
[Black "Yudin, Sergei"]
[Result "1-0"]
[WhiteTitle "GM"]
[BlackTitle "GM"]
[WhiteElo "2609"]
[BlackElo "2530"]
[WhiteFideId "4142578"]
[BlackFideId "4159659"]
[EventDate "2016.05.26"]

1. Nf3 e6 2. g3 b5 3. Bg2 Bb7 4. O-O Nf6 5. d3 c5 6. e4 d6 7. Ng5 h6 8. Nh3 Nbd7
9. f4 Qc7 10. Nf2 Be7 11. Nd2 g5 12. fxg5 hxg5 13. Nf3 g4 14. Ng5 Ne5 15. c3 Rg8
16. d4 Nf3+ 17. Nxf3 gxf3 18. Qxf3 O-O-O 19. a4 a6 20. axb5 axb5 21. Qe2 c4 22.
d5 exd5 23. exd5 Rde8 24. Qf3 Bxd5 25. Qf5+ Qd7 26. Qxd5 Nxd5 27. Ra8+ Kc7 28.
Ra7+ Kd8 29. Rxd7+ Kxd7 30. Bxd5 Rg7 31. Ne4 Bd8 32. Be3 Rh7 33. Bd4 Rf8 34. Ra1 1-0

[Event "Igor Kurnosov Mem Rapid"]
[Site "Chelyabinsk RUS"]
[Date "2016.05.26"]
[Round "4.5"]
[White "Drygalov, Andrey"]
[Black "Riazantsev, Alexander"]
[Result "1/2-1/2"]
[BlackTitle "GM"]
[WhiteElo "2339"]
[BlackElo "2646"]
[WhiteFideId "24171735"]
[BlackFideId "4125029"]
[EventDate "2016.05.26"]

1. Nf3 d5 2. g3 c6 3. Bg2 Bf5 4. O-O e6 5. d3 Nf6 6. Nbd2 h6 7. Qe1 Be7 8. e4
Bh7 9. b3 O-O 10. Bb2 a5 11. a3 c5 12. Ne5 a4 13. exd5 exd5 14. c4 Re8 15. f4
axb3 16. Qd1 Nc6 17. cxd5 Na5 18. Ndc4 1/2-1/2

[Event "Igor Kurnosov Mem Rapid"]
[Site "Chelyabinsk RUS"]
[Date "2016.05.26"]
[Round "4.6"]
[White "Zvjaginsev, Vadim"]
[Black "Potapov, Pavel"]
[Result "1-0"]
[WhiteTitle "GM"]
[BlackTitle "GM"]
[WhiteElo "2672"]
[BlackElo "2485"]
[WhiteFideId "4113403"]
[BlackFideId "4169786"]
[EventDate "2016.05.26"]

1. e4 d5 2. exd5 Qxd5 3. Nf3 Nf6 4. d4 g6 5. Be2 Bg7 6. O-O O-O 7. c4 Qd8 8. Nc3
Bg4 9. h3 Bxf3 10. Bxf3 c6 11. Be3 Nbd7 12. Qb3 Qc7 13. Rac1 Rfe8 14. Rfd1 e5
15. d5 e4 16. Be2 c5 17. d6 Qc6 18. Nb5 Re5 19. Nc7 Rc8 20. Qb5 Qxb5 21. cxb5 b6
22. a3 Ne8 23. Bf4 Nxc7 24. dxc7 Rxc7 25. b4 Kf8 26. Bc4 cxb4 27. axb4 Ke7 28.
Bxe5 Bxe5 29. Bd5 f5 30. Rxc7 Bxc7 31. Ra1 Nf6 32. Bb3 Bb8 33. Kf1 Kd6 34. Rd1+
Ke5 35. f3 Kf4 36. fxe4 Nxe4 37. Rd7 Be5 38. Bc2 Ng3+ 39. Kf2 h5 40. Rd3 h4 41.
Rf3+ Kg5 42. Ra3 Kf4 43. Rxa7 Bd4+ 44. Ke1 Bc3+ 45. Kd1 g5 46. Rd7 Ke5 47. Re7+
Kf4 48. Rd7 Ke5 49. Re7+ Kf4 50. Rc7 Bd4 51. Kd2 Bg1 52. Kd3 Ne4 53. Ke2 Ng3+
54. Ke1 Bd4 55. Kd2 Bg1 56. Rc4+ Ke5 57. Bd1 Nf1+ 58. Ke2 Ng3+ 59. Kd3 Bf2 60.
Bf3 Bg1 61. Kd2 Nf1+ 62. Ke2 Ng3+ 63. Kd3 Bf2 64. Bb7 Bg1 65. Kd2 Nf1+ 66. Ke2
Ng3+ 67. Kf3 Bd4 68. Rc7 Bg1 69. Re7+ Kf6 70. Re1 Bd4 71. Re8 Bg1 72. Bd5 Bd4
73. Re6+ Kg7 74. Bb7 Bg1 75. Rd6 Kf7 76. Rd1 Bh2 77. Kf2 Nh5 78. Bc8 Kf6 79. Rc1
Nf4 80. Rc6+ Ke5 81. Rxb6 Nd3+ 82. Kf3 Ne1+ 83. Kf2 Nd3+ 84. Kf1 Nxb4 85. Re6+
Kd4 86. Rg6 Bf4 87. Bxf5 Nd5 88. Bg4 Kc5 89. Be2 Be3 90. Rc6+ Kb4 91. Bf3 Nb6
92. Re6 Bd4 93. Bc6 Nc4 94. Ke2 Kc5 95. Kf3 Bc3 96. Kg4 Bd2 97. Kh5 Bf4 98. Bf3
Nd6 99. Be2 Nf5 100. Rc6+ Kd5 101. Bf3+ Kd4 102. b6 Ke3 103. b7 Nd4 104. Rc3+
Kf2 105. Be4 Ne2 106. Rf3+ 1-0

[Event "Igor Kurnosov Mem Rapid"]
[Site "Chelyabinsk RUS"]
[Date "2016.05.26"]
[Round "4.7"]
[White "Kosyrev, Vladimir"]
[Black "Grischuk, Alexander"]
[Result "1/2-1/2"]
[WhiteTitle "GM"]
[BlackTitle "GM"]
[WhiteElo "2520"]
[BlackElo "2752"]
[WhiteFideId "4122259"]
[BlackFideId "4126025"]
[EventDate "2016.05.26"]

1. d4 d5 2. c4 dxc4 3. Nf3 a6 4. a4 Nf6 5. e3 e6 6. Bxc4 c5 7. O-O Nc6 8. Qe2
cxd4 9. Rd1 Be7 10. exd4 O-O 11. Nc3 Nd5 12. Qe4 Nf6 13. Qe2 Nd5 14. Qe4 Nf6 15.
Qe2 1/2-1/2

[Event "Igor Kurnosov Mem Rapid"]
[Site "Chelyabinsk RUS"]
[Date "2016.05.26"]
[Round "4.8"]
[White "Ponkratov, Pavel"]
[Black "Drygalov, Sergey"]
[Result "1-0"]
[WhiteTitle "GM"]
[WhiteElo "2595"]
[BlackElo "2372"]
[WhiteFideId "4157800"]
[BlackFideId "24171743"]
[EventDate "2016.05.26"]

1. d4 d5 2. c4 c6 3. Nf3 Nf6 4. g3 g6 5. Bg2 Bg7 6. O-O O-O 7. b3 Bf5 8. Bb2 a5
9. Ne5 a4 10. bxa4 dxc4 11. Nxc4 Be6 12. Nbd2 Nbd7 13. a5 Ra6 14. Qc2 Ne8 15.
Nb3 Nd6 16. Ncd2 f5 17. e3 Bf7 18. Rfd1 Qc7 19. Rab1 Ra7 20. Rdc1 Nf6 21. Ba3
Nd7 22. d5 Ne5 23. Bc5 Ra6 24. Bb6 Rxb6 25. axb6 Qxb6 26. dxc6 bxc6 27. Nd4 Qa6
28. a4 Rc8 29. f4 Ng4 30. Bf1 Qa8 31. Nxc6 Bf8 32. Bg2 Qa6 33. Nf1 Nc4 34. Qe2
e5 35. Nxe5 Ngxe5 36. Bb7 Qxa4 37. Bxc8 Ng4 38. h3 Nf6 39. Bb7 Ba3 40. Rd1 Bc5
41. Bg2 Qa3 42. Rd3 Qa6 43. Rc3 Nd7 44. Kh2 Qe6 45. Rbc1 Ndb6 46. Nd2 Nxe3 47.
Re1 Nbd5 48. Rxc5 1-0

[Event "Igor Kurnosov Mem Rapid"]
[Site "Chelyabinsk RUS"]
[Date "2016.05.26"]
[Round "4.9"]
[White "Lysyj, Igor"]
[Black "Gutenev, Alexander"]
[Result "1/2-1/2"]
[WhiteTitle "GM"]
[BlackTitle "FM"]
[WhiteElo "2668"]
[BlackElo "2398"]
[WhiteFideId "4150120"]
[BlackFideId "4195540"]
[EventDate "2016.05.26"]

1. d4 Nf6 2. Nf3 g6 3. e3 Bg7 4. Be2 d5 5. O-O O-O 6. b4 Ne4 7. Bb2 c5 8. bxc5
Nxc5 9. c4 dxc4 10. Bxc4 Ne4 11. Nbd2 Nd6 12. Be2 Nc6 13. Rc1 Be6 14. Nb3 Na5
15. Nfd2 Nxb3 16. axb3 Qb6 17. Ba3 Rfc8 18. Nc4 Qd8 19. Qd2 Bd5 20. Rfd1 Qd7 21.
Qa5 Qe6 22. Nxd6 exd6 23. b4 a6 24. Bf1 h5 25. Re1 h4 26. h3 Bf6 27. b5 axb5 28.
Rxc8+ Qxc8 29. Qxb5 Bc6 30. Qb2 Qe6 31. Ra1 Kg7 32. Bb4 Rc8 33. Bc3 Bd5 34. Re1
Bc4 35. Bd2 b5 36. Rc1 Bxf1 37. Rxf1 Qd5 38. Rb1 Rb8 39. Qb3 Qe4 40. Bb4 Be7 41.
Rc1 Rb7 42. Qc2 Qxc2 43. Rxc2 Kf6 44. Kf1 Ke6 45. Ke2 f5 46. Ra2 Rc7 47. Bd2 Rb7
48. Kd3 Kd5 49. Bb4 g5 50. f3 Rc7 51. e4+ fxe4+ 52. fxe4+ Ke6 53. d5+ Kd7 54.
Bc3 Rb7 55. Bd4 Bd8 56. Rf2 Be7 57. Rf7 Ke8 58. Rh7 b4 59. Kc4 b3 60. Bb2 Kf8
61. Rh8+ Kf7 62. Rh7+ Kf8 63. Rh8+ Kf7 64. Rh7+ Kf8 65. e5 Rc7+ 66. Kxb3 dxe5
67. Bxe5 Rc5 1/2-1/2

[Event "Igor Kurnosov Mem Rapid"]
[Site "Chelyabinsk RUS"]
[Date "2016.05.26"]
[Round "4.10"]
[White "Smirnov, Pavel"]
[Black "Looshnikov, Nikolai"]
[Result "1/2-1/2"]
[WhiteTitle "GM"]
[BlackTitle "IM"]
[WhiteElo "2564"]
[BlackElo "2463"]
[WhiteFideId "4123425"]
[BlackFideId "4150104"]
[EventDate "2016.05.26"]

1. d4 Nf6 2. c4 e6 3. g3 Bb4+ 4. Bd2 Bxd2+ 5. Qxd2 d6 6. Bg2 Qe7 7. Nc3 O-O 8.
Nf3 e5 9. O-O Bg4 10. dxe5 dxe5 11. Rfd1 c6 12. Qd6 Qxd6 13. Rxd6 Nbd7 14. Rad1
Rfe8 15. Ng5 h6 16. Nge4 Nxe4 17. Bxe4 Nc5 18. Bg2 a5 19. h3 Be6 20. b3 Kf8 21.
f4 exf4 22. gxf4 Ke7 23. e3 Red8 24. R6d4 1/2-1/2

[Event "Igor Kurnosov Mem Rapid"]
[Site "Chelyabinsk RUS"]
[Date "2016.05.27"]
[Round "5.1"]
[White "Movsesian, Sergei"]
[Black "Khismatullin, Denis"]
[Result "1/2-1/2"]
[WhiteTitle "GM"]
[BlackTitle "GM"]
[WhiteElo "2660"]
[BlackElo "2609"]
[WhiteFideId "310204"]
[BlackFideId "4142578"]
[EventDate "2016.05.26"]

1. c4 e6 2. Nf3 Nf6 3. g3 d5 4. b3 d4 5. Bg2 Nc6 6. O-O Bc5 7. e3 O-O 8. Bb2 e5
9. exd4 exd4 10. Na3 Bf5 11. d3 Nb4 12. Ne1 Bg4 13. Bf3 Bh3 14. Bg2 Bg4 15. Bf3
Bh3 16. Bg2 Bg4 1/2-1/2

[Event "Igor Kurnosov Mem Rapid"]
[Site "Chelyabinsk RUS"]
[Date "2016.05.27"]
[Round "5.2"]
[White "Rublevsky, Sergei"]
[Black "Zvjaginsev, Vadim"]
[Result "1-0"]
[WhiteTitle "GM"]
[BlackTitle "GM"]
[WhiteElo "2692"]
[BlackElo "2672"]
[WhiteFideId "4115309"]
[BlackFideId "4113403"]
[EventDate "2016.05.26"]

1. e4 Nf6 2. e5 Nd5 3. d4 d6 4. Nf3 g6 5. Bc4 Nb6 6. Bb3 Bg7 7. Ng5 e6 8. f4
dxe5 9. fxe5 c5 10. c3 cxd4 11. O-O O-O 12. cxd4 Nc6 13. Nf3 f6 14. exf6 Qxf6
15. Be3 Nd5 16. Bf2 Nf4 17. Nbd2 Qf5 18. Kh1 Qg4 19. Bg3 Bd7 20. Nc4 Rad8 21.
Ne3 Qh5 22. Bxf4 Rxf4 23. d5 Be8 24. Qe1 Ne7 25. Rd1 Kh8 26. dxe6 Rxd1 27. Qxd1
Qc5 28. Qd8 Rf8 29. Ng1 Rg8 30. Nd5 Nxd5 31. Qxd5 Qe7 32. Nf3 Rf8 33. Qd2 Bc6
34. Qe2 a5 35. Rd1 Rf5 36. Qd3 Rf8 37. Nd4 Be8 38. Qe3 a4 39. Bc4 Bf6 40. b3
axb3 41. Bxb3 Kg7 42. h3 Bg5 43. Qe5+ Bf6 44. Qg3 Bh4 45. Qg4 h5 46. Qe4 Bf6 47.
Bd5 Kh7 48. Rb1 b5 49. Nxb5 Bg7 50. Nd4 Qd6 51. Nf3 Rf4 52. Qd3 1-0

[Event "Igor Kurnosov Mem Rapid"]
[Site "Chelyabinsk RUS"]
[Date "2016.05.27"]
[Round "5.3"]
[White "Inarkiev, Ernesto"]
[Black "Matsenko, Sergei"]
[Result "1-0"]
[WhiteTitle "GM"]
[BlackTitle "IM"]
[WhiteElo "2686"]
[BlackElo "2537"]
[WhiteFideId "4162722"]
[BlackFideId "4170083"]
[EventDate "2016.05.26"]

1. d4 Nf6 2. c4 e6 3. Nf3 d5 4. g3 a6 5. Nbd2 c5 6. cxd5 Nxd5 7. Bg2 Nc6 8. O-O
cxd4 9. Nb3 Be7 10. Nfxd4 Nxd4 11. Nxd4 O-O 12. e4 Nf6 13. Be3 e5 14. Nf5 Bxf5
15. exf5 e4 16. h3 Rc8 17. g4 h6 18. Qb3 b5 19. Rad1 Qc7 20. Bd4 Qc4 21. Qe3 Bc5
22. b3 Qc2 23. Rd2 Bxd4 24. Qxd4 Qc5 25. Qxc5 Rxc5 26. Re1 Re8 27. Rde2 a5 28.
Bxe4 Nxe4 29. Rxe4 Rxe4 30. Rxe4 Rc2 31. a4 Rc3 32. Re3 Rc1+ 33. Kg2 bxa4 34.
bxa4 Rc4 35. Ra3 g6 36. fxg6 fxg6 37. Kg3 Kg7 38. f4 Rb4 39. h4 Kf6 40. h5 gxh5
41. gxh5 Rc4 42. Kg4 Rb4 43. Rc3 Rxa4 44. Rc6+ Kg7 45. Rg6+ Kh7 46. Ra6 Ra1 47.
Ra7+ Kg8 48. Kf5 a4 49. Kg6 Kf8 50. f5 Rg1+ 51. Kf6 Ke8 52. Rxa4 Rg5 53. Ke6 1-0

[Event "Igor Kurnosov Mem Rapid"]
[Site "Chelyabinsk RUS"]
[Date "2016.05.27"]
[Round "5.4"]
[White "Shomoev, Anton"]
[Black "Ponkratov, Pavel"]
[Result "1-0"]
[WhiteTitle "GM"]
[BlackTitle "GM"]
[WhiteElo "2553"]
[BlackElo "2595"]
[WhiteFideId "4135148"]
[BlackFideId "4157800"]
[EventDate "2016.05.26"]

1. e4 g6 2. d4 Bg7 3. Nc3 d5 4. Nxd5 c6 5. Ne3 Qxd4 6. Qxd4 Bxd4 7. f4 Nf6 8.
Bd3 Nbd7 9. Nf3 Bb6 10. e5 Nd5 11. Nxd5 cxd5 12. Ke2 Nc5 13. h3 Bf5 14. Be3 Rc8
15. Rac1 Bxd3+ 16. cxd3 Kd7 17. Bxc5 Bxc5 18. Rc2 Bb6 19. Rhc1 Rxc2+ 20. Rxc2 f6
21. d4 Rf8 22. Kd3 fxe5 23. Nxe5+ Ke6 24. g3 Kd6 25. h4 Ke6 26. Re2 Kd6 27. Rc2
Rg8 28. Nf7+ Ke6 29. Ng5+ Kf5 30. Re2 Kg4 31. Rxe7 h6 32. Nh7 Kxg3 33. Nf6 Rd8
34. Rg7 Kxf4 35. Rxg6 Kf5 36. Rxh6 Ba5 37. h5 Rd6 38. Ng4 Rxh6 39. Nxh6+ Kg5 40.
Nf7+ Kxh5 41. Nd6 b6 42. Nb5 Kg5 43. Nc7 Kf5 44. Nxd5 Be1 45. Nc7 Bg3 46. Nb5 a6
47. Nc3 Ke6 48. a4 Kd7 49. Kc4 Bd6 50. Kd5 Bb4 51. Ne4 Be7 52. Nd2 Bd6 53. Nc4
Bc7 54. Ne5+ Kc8 55. Kc6 b5 56. axb5 axb5 57. Kxb5 Kb7 58. Nc4 Bf4 59. Kc5 Bg3
60. b4 Bf2 61. b5 Bg1 62. Nd6+ Kb8 63. b6 Bf2 64. Nc4 Kb7 65. Na5+ Ka6 66. Nc6
Kb7 67. Kb5 Be3 68. Na5+ Kb8 69. d5 1-0

[Event "Igor Kurnosov Mem Rapid"]
[Site "Chelyabinsk RUS"]
[Date "2016.05.27"]
[Round "5.5"]
[White "Riazantsev, Alexander"]
[Black "Yuffa, Daniil"]
[Result "0-1"]
[WhiteTitle "GM"]
[BlackTitle "IM"]
[WhiteElo "2646"]
[BlackElo "2503"]
[WhiteFideId "4125029"]
[BlackFideId "24131423"]
[EventDate "2016.05.26"]

1. d4 Nf6 2. c4 c5 3. d5 g6 4. Nc3 Bg7 5. e4 O-O 6. Nf3 e6 7. Be2 exd5 8. cxd5
d6 9. Be3 Bg4 10. Nd2 Bxe2 11. Qxe2 Nbd7 12. O-O a6 13. a4 Rc8 14. Bg5 Re8 15.
f4 h6 16. Bh4 Qc7 17. Nc4 Nb6 18. Bxf6 Bxf6 19. e5 Nxc4 20. Qxc4 Bg7 21. Ne4
dxe5 22. f5 b5 23. axb5 axb5 24. Qxb5 Rb8 25. d6 Qd8 26. Qxc5 Rxb2 27. f6 Bf8
28. Qd5 Qb6+ 29. Kh1 Rb5 30. Qd3 Rb3 31. Qd5 Rb5 32. Qd3 Rb3 33. Qc2 Rb2 34. Qc3
Rb3 35. d7 Rd8 36. Qc8 Qb8 37. Rac1 Rb4 38. Rfd1 Qb6 39. Ng3 Rd4 40. Rxd4 exd4
41. Rd1 Qxf6 42. Ne4 Qb6 43. h3 Be7 44. Rc1 Qe6 45. Nc5 Rxc8 0-1

[Event "Igor Kurnosov Mem Rapid"]
[Site "Chelyabinsk RUS"]
[Date "2016.05.27"]
[Round "5.6"]
[White "Maletin, Pavel"]
[Black "Drygalov, Andrey"]
[Result "1/2-1/2"]
[WhiteTitle "GM"]
[WhiteElo "2580"]
[BlackElo "2339"]
[WhiteFideId "4146786"]
[BlackFideId "24171735"]
[EventDate "2016.05.26"]

1. Nf3 Nf6 2. g3 g6 3. Bg2 Bg7 4. c4 O-O 5. d4 d5 6. cxd5 Nxd5 7. O-O Nb6 8. Nc3
Nc6 9. e3 Re8 10. Nh4 e5 11. d5 Na5 12. Rb1 Nac4 13. e4 c6 14. b3 Nd6 15. dxc6
bxc6 16. Qe2 Qc7 17. a4 a5 18. Rd1 Ba6 19. Qe3 Bf8 20. Nf3 Rad8 21. Qe1 Nb7 22.
Rxd8 Qxd8 23. Bg5 Qc7 24. Na2 Nd7 25. Bf1 Bxf1 26. Qxf1 Nbc5 27. Qc4 Nb6 28. Qc2
Ne6 29. Be3 c5 30. Nd2 Rc8 31. Rc1 Qa7 32. Nc3 Nd4 33. Qd3 Rd8 34. Bxd4 Rxd4 35.
Qe2 Bh6 36. Rc2 Bxd2 37. Rxd2 Qd7 38. Rc2 c4 39. Rb2 cxb3 40. Rxb3 Rb4 41. Rxb4
axb4 42. a5 bxc3 43. axb6 Qc6 44. Qc2 Qxb6 45. Qxc3 Qb1+ 46. Kg2 Qxe4+ 47. Kg1
Kg7 48. h4 h6 49. Qc5 g5 50. hxg5 hxg5 51. Qe7 Qf5 52. Qc5 Kg6 53. Qd6+ Kg7 54.
Qd5 g4 55. Qc5 Qe6 56. Qe3 Kg6 57. Qe4+ f5 58. Qa8 e4 59. Qa7 Qd6 60. Kg2 Qc6
61. Kg1 Qd6 62. Kg2 Qc6 63. Kg1 f4 64. gxf4 Qc1+ 65. Kg2 Qxf4 66. Qb6+ Qf6 67.
Qb8 Qf3+ 68. Kg1 Kf6 69. Qd6+ Kg5 70. Qe7+ Kf5 71. Qc5+ Kg6 1/2-1/2